000 00514nam a2200193Ia 4500
003 GCL
008 140319s9999 xx 000 0 eng d
040 _aGCL /
_cGCL
082 0 4 _a618.2
_bN M
100 1 _aNISWANDER, KENNETH R
245 1 0 _aMANUAL OF OBSTETRICS /
_cNISWANDER, KENNETH R
700 1 _aEVANS, ARTHUR T
260 _a[S.N] :
_bLITTLE, BROWN AND COMPANY ،
_c1996
300 _a538 P
650 0 4 _aOBSTETRICS
650 0 4 _aMEDICAL SCIENCE
650 0 4 _aMANUAL OF OBSTETRICS
942 _2ddc
_cBK
999 _c13387
_d13387